000 00428nam a2200157 4500
001 147954
003 ES-MaACL
005 20230906202342.0
007 t|
008 070214s1905 it r ||||1| ita d
100 1 _aSpingarn, J. T.
_9107745
245 1 3 _aLa critica letteraria nel Rinascimento /
_cJ. T. Spingarn.
260 _aBari :
_bGuis Laterza,
_c1905.
300 _aXII, 358 p. ;
_c20 cm.
852 _aES-MaACL
_jC-2964
999 _c147954
_d147954